000 00807naa a22002417u 4500
001 06761
003 HDC
007 cr bn ---aaaaa
008 210124t xx 000 0 eng
040 _aHDC
245 0 _aBEST PRACTICES HANDLING FRESH PRODUCE IN SCHOOLS
260 _a[No place] :
_b[publisher not identified],
_c[no year]
300 _a4 pages : illustrations
336 _atext
_2rdacontent
337 _acomputer
_2rdamedia
338 _aonline resource
_2rdacarrier
650 _aFood industry and trade
_9140
650 _aFruits & vegetables
_97170
856 _zRequest full-text at [email protected]
942 _2lcc
942 _cEIS
942 _kEMAG 000369
999 _c4085
_d4085